000 00715nam a2200265 i 4500
001 C2-0282166
003 PPAK
005 20180728012606.0
008 071001s2003 nyua|||| ||||| | eng d
020 _a059048026X
040 _aPPAK
_beng
_cPPAK
_erda
082 0 4 _a920.02
_223
090 0 0 _a920.02
_bHUD
_dLCK
100 1 _aHudson, Wade,
_eauthor
245 1 0 _aFive bold freedom fighters
264 1 _aNew York :
_bScholastic ,
_c2003
300 _a48 pages :
_bcolour illustrations ;
_c23 cm
336 _2rdacontent
_atext
337 _2rdamedia
_aunmediated
338 _2rdacarrier
_avolume
490 1 _aGreat Black Heroes
650 1 0 _aBiography
830 0 _aGreat Black Heroes
942 _ddc
_cB
999 _c88449
_d88449